| 000 | 01006nam a22003730a 4500 | ||
|---|---|---|---|
| 001 | PT62001 | ||
| 003 | AR-LpoUNG | ||
| 005 | 20210131232051.0 | ||
| 008 | 191001s2018||||ag |||||||||||||||||spa d | ||
| 020 |
_a9789876045032 _c$3,50 |
||
| 040 |
_aAR-LpoUNG _bspa _cAR-LpoUNG _eaacr |
||
| 041 | _aspa | ||
| 044 | _aag | ||
| 082 | 0 | _a410 323lin | |
| 100 | 1 |
_aMare, María _eed. |
|
| 245 | 1 | 0 | _a¡A lingüistiquearla! |
| 250 | _a1ra. ed. | ||
| 260 |
_aNeuquén : _bUniversidad Nacional del Comahue : EDUCO, _c2018. |
||
| 300 |
_a203 p. : _bil. |
||
| 650 | 4 | _aENSEÑANZA DE LA LENGUA MATERNA | |
| 650 | 4 | _aENSEÑANZA DE SEGUNDA LENGUA | |
| 650 | 4 | _aGRAMATICA | |
| 650 | 4 | _aINVESTIGACION LINGÜISTICA | |
| 650 | 4 | _aLENGUAJE | |
| 650 | 4 | _aLENGUAS | |
| 650 | 4 | _aLINGÜISTICA | |
| 650 | 4 | _aTEORIA LINGÜISTICA | |
| 650 | 4 | _aUSO LINGÜISTICO | |
| 653 | _aCAMBIO LINGÜISTICO | ||
| 653 | _aLENGUAJE INCLUSIVO | ||
| 700 | 1 |
_aCasares, María Fernanda _eed. |
|
| 905 | _a62001 | ||
| 942 | _cLIB | ||
| 999 |
_c13541 _d13541 |
||